00330nam a22001097a 4500003000400000020001800004082001900022100003000041245008600071260005500157300000800212SGT a9789385695148 a891.4309bA16Y aयुगेश्वर  aआपातकाल का धूमकेतु : राजनारायण  bसमीक्षा प्रकाशन c2016 a334